000 00268nam a22001217a 4500
008 181122b xxu||||| |||| 00| 0 eng d
041 _aeng
080 _a030
100 _a23
101 _aENC
245 _aThe Great Ideas Today 1968
_cHutchins,R.M
942 _2udc
_cBK
999 _c52376
_d52376